Miasta w Hiszpanii - Quiz na mapie - Statystyki

Ogólne statystyki
  • Ten quiz został rozwiązany 1 909 razy
  • Średni wynik to 8 z 15
Odpowiedzi na mapie
Odpowiedzi zakodowano w zielono-czerwonej skali na mapie do tego quizu, zgodnie z poniższymi procentami.
 
Statystyki odpowiedzi
Odpowiedź % Poprawnych
Barcelona
89%
Madryt
88%
Bilbao
69%
Palma de Mallorca
67%
Las Palmas
65%
Sewilla
63%
Walencja
59%
Ceuta
52%
Málaga
50%
A Coruña
47%
Saragossa
44%
Murcja
38%
Pampeluna
38%
Valladolid
31%
Mérida
29%
Nie znaleziono quizów pasujących do podanych kryteriów
Rozkład punktacji
Procent ludzi z każdym wynikiem
Percentyl według liczby udzielonych odpowiedzi
Twoja historia wyników
Nie rozwiązałeś tego quizu